LEADER 04042nam 2200589 450 001 9910465813003321 005 20200520144314.0 010 $a3-11-062711-6 010 $a3-11-054133-5 024 7 $a10.1515/9783110542387 035 $a(CKB)3710000001304853 035 $a(MiAaPQ)EBC4851889 035 $a(DE-B1597)480656 035 $a(OCoLC)987942284 035 $a(DE-B1597)9783110542387 035 $a(Au-PeEL)EBL4851889 035 $a(CaPaEBR)ebr11380734 035 $a(OCoLC)986102373 035 $a(EXLCZ)993710000001304853 100 $a20170517h20172017 uy 0 101 0 $ager 135 $aurcnu|||||||| 181 $2rdacontent 182 $2rdamedia 183 $2rdacarrier 200 10$aKant und die Heterogenita?t der Erkenntnisquellen /$fMathias Birrer 210 1$aBerlin, [Germany] :$cDe Gruyter,$d2017. 210 4$d©2017 215 $a1 online resource (327 pages) 225 1 $aKantstudien-Erga?nzungshefte ;$vBand 195 311 $a3-11-054238-2 311 $a3-11-054121-1 320 $aIncludes bibliographical references and index. 327 $tFrontmatter -- $tWidmung -- $tInhalt -- $tKapitel 1: Einleitung: Das Schematismuskapitel und das Heterogenitätsproblem -- $tTeil I: Ein kognitiv dualistischer Non-Konzeptualismus? -- $tKapitel 2: Kants Lehre des kognitiven Dualismus -- $tKapitel 3: Konzeptualismus und Non-Konzeptualismus -- $tTeil II: Die transzendentale Synthesis der Einbildungskraft als Selbstaffektion -- $tEinleitende Bemerkungen -- $tGegenläufige Interpretationen -- $tKapitel 4: Die Anschauungshaftigkeit der Zeit und der innere Sinn -- $tKapitel 5: Der zweite Schritt der B Deduktion als locus der Selbstaffektion -- $tKapitel 6: Die Lehre des doppelten Ich -- $tKapitel 7: Selbstaffektion und die formale Anschauung der Zeit -- $tTeil III: Die Heterogenität im Schematismuskapitel -- $tKapitel 8: Architektonische Bedeutung des Schematismuskapitels -- $tKapitel 9: Das Schema als transzendentale Zeitbestimmung -- $tSchlussbetrachtung -- $tSiglenverzeichnis -- $tBibliographie -- $tNamenregister 330 $aDieses Buch behandelt das Problem eines adäquaten Verständnisses der von Kant im Schematismuskapitel der Kritik der reinen Vernunft angesprochenen Ungleichartigkeit von sinnlichem und intellektuellem Vorstellen, welches trotz der zentralen Bedeutung, welche die Unterscheidung der Erkenntnisquellen (Sinnlichkeit und Verstand) und der Vorstellungsarten (Anschauung und Begriff) in der Kantischen Philosophie einnimmt, bisher noch wenig ausführliche Beachtung fand und falls behandelt, dann häufig zugunsten des intellektuellen und begrifflichen Vorstellens entschieden wurde. Es stellt sich auf den non-konzeptualistischen Standpunkt, dass es für Kant eine sinnliche Vorstellungsweise gibt, welche nicht auf Verstandeskonstitution angewiesen ist, und zeigt, wie das Argument im 2. Schritt der B-Deduktion, die Lehre des doppelten Ichs, sowie die Unterscheidung von Form der Anschauung und formaler Anschauung sich von diesem Standpunkt her konsistent interpretieren lassen. Schließlich bietet es eine einheitliche Interpretation der bezüglich des Erkenntnisdualismus relevanten Textstücke (der Transzendentalen Ästhetik, der Deduktion und des Schematismus), ohne die Bedeutung und Eigenständigkeit des sinnlichen Vorstellens zu marginalisieren. 410 0$aKantstudien.$pErga?nzungshefte ;$vBand 195. 606 $3(DE-601)105441694$3(DE-588)4165224-1$aKonzeptualismus$2gnd 606 $3(DE-601)106173049$3(DE-588)4052238-6$aSchema$2gnd 606 $aPHILOSOPHY / History & Surveys / Modern$2bisacsh 608 $aElectronic books. 615 7$aKonzeptualismus 615 7$aSchema 615 7$aPHILOSOPHY / History & Surveys / Modern. 676 $a193 700 $aBirrer$b Mathias$01046956 801 0$bMiAaPQ 801 1$bMiAaPQ 801 2$bMiAaPQ 906 $aBOOK 912 $a9910465813003321 996 $aKant und die Heterogenita?t der Erkenntnisquellen$92474248 997 $aUNINA LEADER 03391nam 22005293 450 001 9910416505603321 005 20231110231807.0 010 $a2-86958-365-6 024 7 $a10.4000/books.efa.4139 035 $a(CKB)4100000011144277 035 $a(MiAaPQ)EBC6260856 035 $a(Au-PeEL)EBL6260856 035 $a(OCoLC)1175914313 035 $a(FrMaCLE)OB-efa-4139 035 $a(oapen)https://directory.doabooks.org/handle/20.500.12854/63025 035 $a(PPN)244247854 035 $a(oapen)doab63025 035 $a(EXLCZ)994100000011144277 100 $a20210901d2018 uy 0 101 0 $afre 135 $aurcnu|||||||| 181 $ctxt$2rdacontent 182 $cc$2rdamedia 183 $acr$2rdacarrier 200 13$aLe Retour des Grecs de Russie $eIdentites, Memoires, Trajectoires 210 $cÉcole française d?Athènes$d2018 210 1$aLeuven :$cPeeters Publishers & Booksellers,$d2018. 210 4$d©2018. 215 $a1 online resource (516 pages) 225 1 $aMondes Mediterraneens et Balkaniques ;$vv.11 311 08$a2-86958-303-6 330 $aPourquoi, après la fin de la guerre froide, des personnes et des populations entières, installées en Ukraine, ainsi que dans d?autres républiques d?ex-Union soviétique depuis des siècles, ont revendiqué une origine grecque et construit des projets de « retour » vers la Grèce ? C?est la question qui est au c?ur de cet ouvrage. Il étudie les migrations grecques vers l?Empire russe où des Grecs, dans leur grande majorité ressortissants de l?Empire ottoman, se sont installés en nombre dès le xviiie s. et analyse les migrations de retour diasporiques et les migrations économiques transnationales d?Ukraine, et d?autres républiques d?ex-Union soviétique, vers la Grèce et vers Chypre, dès la fin des années 1980. À travers l?histoire d?un groupe diasporique, les Grecs de Mariupol, il essaie de comprendre pourquoi il n?y a pas eu de « retour » collectif de ces Grecs vers la « mère-patrie imaginée ». This book explores the reasons which pushed individuals and entire communities residing in Ukraine and in other former Soviet republics for centuries to claim their Greek origin after the end of the Cold War and endeavour ?return? migration to Greece. The book provides a historic background, tracing Greek migrations to the Russian Empire where the Greeks, mainly from the Ottoman Empire, settled in large numbers in the 18th and 19th centuries. It then analyses diasporic return migrations and transnational economic migrations from Ukraine and other former Soviet republics to Greece and Cyprus since the late 1980s. The book focuses on the history of one diaspora group in particular, namely, the Mariupol Greeks, and discusses the reasons why there has been no community ?return? migration in the case of these Greeks to the ?imagined motherland?. 410 0$aMondes Mediterraneens et Balkaniques 606 $aHumanities$2bicssc 610 $aGriechenland 610 $amigration 610 $aKulturelle Identität 610 $aKulturbeziehungen 615 7$aHumanities 700 $aKaurinkoski$b K$0849898 801 0$bMiAaPQ 801 1$bMiAaPQ 801 2$bMiAaPQ 906 $aBOOK 912 $a9910416505603321 996 $aLe Retour des Grecs de Russie$91897750 997 $aUNINA